| 000 | 00408nam a2200133Ia 4500 | ||
|---|---|---|---|
| 008 | 191129s9999 xx 000 0 und d | ||
| 020 | _a4806523174008 | ||
| 100 | _aOcampo-Juaquin, Michelle | ||
| 245 |
_cMichelle Ocampo-Joaquin _aYoung women on the journey/ |
||
| 260 |
_aManila: _bChurch Strengthening Ministry, Inc. _c2015 |
||
| 300 |
_a176 p. ; _bill. : _c16 cm. |
||
| 650 | _aInspiration | ||
| 650 | _aWomen | ||
| 999 |
_c362740 _d362740 |
||